formula 1 general knowledge - Statistics

General Stats
  • This quiz has been taken 964 times
  • The average score is 9 of 13
Answer Stats
Hint Answer % Correct
which team have been in formula 1 the longest? ferrari
96%
who has won the most formula 1 world championships? micheal schumacher
96%
how many points do you get for winning a race since 2011? 25
93%
how many formula 1 drivers have won 3 or more championships? 9
86%
which street circuit is most commonly known from all the races? monaco
85%
which track did aryton senna lose his life at? imola
73%
what year did the intense title battle between niki lauda and james hunt happen? 1976
70%
what team are red bull partnered with? toro rosso
68%
which driver won the brazilian grand prix but lost out winning the title in 2008? felipe massa
64%
when did the constuctors championship first come into formula 1? 1958
55%
which city is the spanish grand prix held? catalunya
37%
who is the cheif executive of formula 1? bernie ecclestone
32%
how much does a hybrid formula 1 engine cost? 15 million
4%
No matching quizzes found
Score Distribution
Percent of People with Each Score
Percentile by Number Answered
Your Score History
You have not taken this quiz